000 00999 a2200229 4500
003 OSt
005 20180116192333.0
008 120308t xxu||||| |||| 00| 0 eng d
010 _a 75171490
020 _a0486220729
040 _c0
082 0 0 _a720.973
100 1 _aMumford, Lewis,
_9618
245 1 0 _aRoots of contemporary American architecture;
_ba series of thirty-seven essays dating from the mid-nineteenth century to the present.
260 _aNew York,
_bDover Publications
_c[1972]
300 _axviii, 452 p.
_billus.
_c22 cm.
500 _a"An unabridged republication of the second (1959) edition ... The biographical sketches have been updated especially for this edition, and the illustrations appear for the first time."
650 0 _aArchitecture
_zUnited States
_xHistory
_y19th century.
_9619
650 0 _aArchitecture
_zUnited States
_xHistory
_y20th century.
_9620
942 _aSADA
_cBK
_k720.973 MUM 1972
_2ddc
999 _c352372
_d352372